The Science of Effective Communication (Record no. 365276)

MARC details
000 -LEADER
fixed length control field 01819nam a22001937a 4500
005 - DATE AND TIME OF LATEST TRANSACTION
control field 20250227144613.0
008 - FIXED-LENGTH DATA ELEMENTS--GENERAL INFORMATION
fixed length control field 250225b |||||||| |||| 00| 0 eng d
020 ## - INTERNATIONAL STANDARD BOOK NUMBER
International Standard Book Number 9789353337711
041 ## - LANGUAGE CODE
Language code of text/sound track or separate title Eng
082 ## - DEWEY DECIMAL CLASSIFICATION NUMBER
Classification number 372.6
Item number TUH
100 ## - MAIN ENTRY--PERSONAL NAME
Author Tuhovsky Ian
245 ## - TITLE STATEMENT
Title The Science of Effective Communication
Statement of responsibility, etc. : Improve Your Social Skills & Small Talk, Develop Charisma & Learn How to Talk to Anyone
260 ## - PUBLICATION, DISTRIBUTION, ETC.
Place of publication, distribution, etc. Delhi
Name of publisher, distributor, etc. Rupa Publications
Date of publication, distribution, etc. 2019
300 ## - PHYSICAL DESCRIPTION
Extent 194
365 ## - TRADE PRICE
Price amount 295.00
Currency code Rs.00
520 ## - SUMMARY, ETC.
Summary, etc. • Introduction<br/>• Part I<br/>• Laying the groundwork<br/>1. Listening the most fundamental of all conversation skills<br/>2. Turning up how to make your voice more attractive<br/>3. Why you should take a digital detox<br/>the power of face-to-face interaction<br/>4. How to stop fearing judgement<br/>5. Using empathy in conversation<br/>6. How to let go why you don't need to share all your ideas<br/>7. Conversations that revive relationships<br/>8. Do you feel "different?" How to overcome outsider syndrome<br/>9. Avoiding excessive negativity in your social interactions<br/>10. The Ethical conversationalist<br/>Getting your views across & needs met without harming others<br/>• Part II<br/>• Conversation skills<br/>11. How to use the FORD method to keep any conversations alive<br/>12. The art of compliments<br/>13. How to ask excellent questions<br/>14. How to handle heated discussions<br/>15. How to persuade someone of your opinion<br/>16. How to make a complaint with grace<br/>17. How to have a great conversation on the phone<br/>18. Tips for conversations with non-native speakers<br/>19. How to put your views across to someone in authority<br/>20. Conversations between hearing- & hearing-impaired individuals<br/>21. How to excel in interviews & get that job<br/>22. Conclusion<br/><br/><br/><br/><br/><br/><br/><br/>
650 ## - SUBJECT ADDED ENTRY--TOPICAL TERM
Topical term or geographic name entry element Communication Skills
942 ## - ADDED ENTRY ELEMENTS (KOHA)
Koha item type Books
Holdings
Withdrawn status Lost status Source of classification or shelving scheme Damaged status Not for loan Home library Current library Date acquired Vendor Net Price Bill number Total Checkouts Full call number Barcode Date last seen Date last checked out Discount Actual Price Bill Date Koha item type
    Dewey Decimal Classification     School of Fashion Technology School of Fashion Technology 20/02/2025 CrossWorlds Bookstores 295.00 KT24CSB11468 1 372.6 TUH SOFT-BK-4311 28/07/2025 08/07/2025 0% 295.00 17/02/2025 Books